000 01273nam a22002057a 4500
003 JO-AjAnu
005 20250714125901.0
008 250713b jo ||||| |||| 00| 0 ara d
040 _aJO-AjAnu
_bara
_cJO-AjAnu
_dJO-AjAnu
_erda
041 _aara
_hara
050 _aHG4235.25
_b2025
100 1 _aالقضاة، ولاء محمد محمود
_eمعد
_966547
245 0 _aأثر هيكل الملكية على العلاقة بين مصادر التمويل وممارسات التنمية المستدامة في الشركات الصناعية الأردنية = The Impatct of Ownership Structure on the Relationship between Finance Sources and Sustainable Practices in Jordanian Industrial Companies /
_cاعداد ولاء محمد محمود القضاة ؛ اشراف احمد ابراهيم كراجة
260 _c2025
300 _a96 ورقة
504 _aرسالة جامعية(رسالة ماجستير) - جامعة عجلون الوطنية، (عجبون، الاردن) كلية الاعمال، قسم المحاسبة، 2025.
650 7 0 _aالشركات الصناعية -- محاسبة -- الأردن
_vالشركات-محاسبة-الاردن.
_930853
700 1 _aكراجة، احمد ابراهيم.
_eمشرف
_965236
942 _2lcc
_cTHS
_n0
999 _c33918
_d33918